Shark Attack! Quiz Stats

 Plays Quiz Updated Jul 1, 2015

Score 0/23 Timer 05:00
9 Plays Today
% Correct
Australia
98%
United States
95.4%
Mexico
90.3%
New Zealand
88.7%
South Africa
88.6%
Brazil
87.6%
Philippines
87%
Bahamas
84.5%
Cuba
79.9%
Solomon Islands
75.6%
Papua New Guinea
75.2%
Japan
74.7%
% Correct
Fiji
73.6%
India
72.6%
Panama
67.5%
Vietnam
60.2%
China
56.7%
Greece
52.1%
Mozambique
50.8%
Italy
48.3%
France
37.1%
Egypt
32.1%
Iran
16.7%

You're not logged in!

Compare scores with friends on all Sporcle quizzes.
OR
Log In

You Might Also Like...

Show Comments

Extras

Top Quizzes Today


Score Distribution

Your Account Isn't Verified!

In order to create a playlist on Sporcle, you need to verify the email address you used during registration. Go to your Sporcle Settings to finish the process.

Report this User

Report this user for behavior that violates our Community Guidelines.

Details: